000 00485nam a2200169Ia 4500
999 _c21224
_d21224
003 OSt
005 20200615115934.0
008 190216s9999||||xx |||||||||||||| ||und||
020 _a9788126132218
040 _coclc
082 _a303.4840954
_bSIN/S
100 _aSingh, M P
_92890
245 0 _aSocial Movements /
_cM P Singh
260 _bAnmol Publications,
_c2007.
_aNew Delhi:
300 _a314p
942 _cBK
_2ddc
_h303.4840954
_iSIN/S
_k303.4840954
_mSIN/S